Beste Bundesliga Torschützen 1. FC Kaiserslautern - Statistiken

Allgemein
  • Dieses Quiz wurde 305 mal gespielt
  • Das Durchschnittsergebnis liegt bei 15 aus 51
Antwortstatistiken
Saison Nationalität Tore Spieler % Korrekt
2003/04 Deutschland 10 Miroslav Klose
73%
2002/03 Deutschland 9 Miroslav Klose
73%
2001/02 Deutschland 16 Miroslav Klose
73%
2000/01 Deutschland 9 Miroslav Klose
73%
2005/06 Türkei 20 Halil Altintop
66%
2004/05 Türkei 6 Halil Altintop
66%
1998/99 Deutschland 12 Olaf Marschall
66%
1997/98 Deutschland 21 Olaf Marschall
66%
1993/94 Deutschland 18 Stefan Kuntz
65%
1991/92 Deutschland 11 Stefan Kuntz
65%
1990/91 Deutschland 11 Stefan Kuntz
65%
1989/90 Deutschland 15 Stefan Kuntz
65%
2010/11 Kroatien 16 Srđan Lakić
58%
1995/96 Tschechien 10 Pavel Kuka
48%
1994/95 Tschechien 16 Pavel Kuka
48%
1999/00 Frankreich 11 Youri Djorkaeff
47%
2000/01 Tschechien 9 Vratislav Lokvenc
34%
2004/05 Griechenland 6 Ioannis Amanatidis
32%
1978/79 Deutschland 17 Klaus Toppmöller
31%
1977/78 Deutschland 21 Klaus Toppmöller
31%
1976/77 Deutschland 19 Klaus Toppmöller
31%
1975/76 Deutschland 22 Klaus Toppmöller
31%
1973/74 Deutschland 21 Klaus Toppmöller
31%
1981/82 Deutschland 13 Hans-Peter Briegel
26%
2011/12 Kroatien 3 Ivo Iličević
25%
2011/12 Israel 3 Itay Shechter
24%
1980/81 Deutschland 13 Friedhelm Funkel
15%
1979/80 Deutschland 17 Reiner Geye
13%
1985/86 Deutschland 16 Thomas Allofs
13%
1984/85 Deutschland 19 Thomas Allofs
13%
1983/84 Deutschland 15 Thomas Allofs
13%
1982/83 Deutschland 11 Thomas Allofs
13%
2004/05 Iran 6 Ferydoon Zandi
12%
1988/89 Deutschland 13 Harald Kohr
12%
1987/88 Deutschland 16 Harald Kohr
12%
2011/12 Deutschland 3 Pierre De Wit
10%
1963/64 Deutschland 11 Erich Meier
7%
1974/75 Schweden 21 Roland Sandberg
7%
1966/67 Deutschland 9 Willy Reitgaßl
6%
1970/71 Deutschland 22 Karlheinz Vogt
5%
1986/87 Deutschland 17 Frank Hartmann
4%
1971/72 Bosnien und Herzegowina 13 Idriz Hošić
4%
1992/93 Deutschland 10 Marcel Witeczek
4%
1967/68 Deutschland 10 Gerd Roggensack
3%
1982/83 Deutschland 11 Norbert Eilenfeldt
3%
1972/73 Deutschland 11 Wolfgang Seel
3%
1968/69 Deutschland 12 Heinz-Dieter Hasebrink
2%
1967/68 Deutschland 10 Helmut Kapitulski
2%
1964/65 Deutschland 9 Helmut Kapitulski
2%
1965/66 Deutschland 11 Manfred Rummel
2%
1969/70 Deutschland 9 Otto Geisert
2%
Keine übereinstimmenden Quizze gefunden
Verteilung der Resultate
Anzahl Personen mit jedem Resultat
Perzentil nach korrekt beantworteten Fragen
Ihre Resultats-Entwicklung
Sie haben dieses Quiz noch nicht gespielt